[Event "Prague zt"]
[Site "Prague"]
[Date "1985.??.??"]
[Round "3"]
[White "Pinter, Jozsef"]
[Black "Jansa, Vlastimil"]
[Result "1/2-1/2"]
[WhiteElo "2540"]
[BlackElo "2465"]

1.d4 Nf6 2.c4 g6 3.Nc3 d5 4.cxd5 Nxd5 5.e4 Nxc3 6.bxc3 Bg7 7.Bc4 c5 8.Ne2 O-O
9.O-O Nc6 10.Be3 Qc7 11.Rc1 Rd8 12.Qd2 Qa5 13.Rfd1 Bd7 14.Qb2 b5 15.Qxb5 Qxb5
16.Bxb5 Nxd4 17.Nxd4 cxd4 18.Bxd7 dxe3 19.fxe3 Rab8 20.c4 Bb2 21.Rc2 Rb7
22.Rcd2 Ba3 23.Rd5 Rc7 24.R1d3 Bc5 25.Kf2 Rb8 26.Bb5 Rb6 27.Rb3 e6 28.Rd8+ Kg7
29.Kf3 a6 30.Ba4 Rb4 31.Rxb4 Bxb4 32.Bb3 h5 33.Rb8 a5 34.e5 Bc3 35.Rb5 a4
36.Bxa4 Rxc4 37.Bb3 Rc7 38.Ke4 Bd2 39.a4 Rc3 40.Rb7 Rxe3+ 41.Kd4 Kf8 42.a5 Rxb3
43.Rxb3 Bxa5 44.Kc5 Bc7 45.Re3 Ba5 46.Kc6 Bd2 47.Rf3 Ke7 48.h3 Bc1 49.Rb3 Bf4
50.Rb7+ Kf8 51.Kd6 Be3 52.Rb5 Bf4 53.Kd7 Bg3 54.Rb8+ Kg7 55.Ke8 Bxe5 56.Rb7 Bd4
57.Rxf7+ Kg8 58.Ke7 Bc3 59.Kxe6 Bb2 60.Rb7 Bc3 61.Rb3 Ba1 62.Rg3 Kg7 63.Ra3 Bb2
64.Ra2 Bc3 65.Rc2 Ba1 66.Rc1 Bb2 67.Rb1 Bc3 68.h4 Kg8 69.Rb7 Ba1 70.Rb5 Kg7
71.Rg5 Bc3 72.Rc5 Bb2 73.Rc4 Ba1  1/2-1/2

[Event "Prague zt"]
[Site "Prague"]
[Date "1985.??.??"]
[Round "8"]
[White "Farago, Ivan"]
[Black "Ghinda, Mihail Viorel"]
[Result "1/2-1/2"]
[WhiteElo "2495"]
[BlackElo "2475"]

1.d4 Nf6 2.c4 g6 3.Nc3 d5 4.cxd5 Nxd5 5.e4 Nxc3 6.bxc3 Bg7 7.Bc4 O-O 8.Ne2 Nc6
9.Bg5 Qd7 10.Qd2 Na5 11.Bd3 c5 12.O-O Nc6 13.d5 Ne5 14.Rab1 h6 15.Bf4 Nxd3
16.Qxd3  1/2-1/2

[Event "Prague zt"]
[Site "Prague"]
[Date "1985.??.??"]
[Round "10"]
[White "Farago, Ivan"]
[Black "Schmidt, Wlodzimierz"]
[Result "0-1"]
[WhiteElo "2495"]
[BlackElo "2475"]

1.d4 Nf6 2.c4 g6 3.Nc3 d5 4.cxd5 Nxd5 5.e4 Nxc3 6.bxc3 Bg7 7.Bc4 c5 8.Ne2 O-O
9.O-O Nc6 10.Be3 cxd4 11.cxd4 Bg4 12.f3 Na5 13.Bd5 Bd7 14.Rb1 a6 15.Bxb7 Ra7
16.Bd5 Bb5 17.a4 Bxe2 18.Qxe2 e6 19.Bc4 Bxd4 20.Rfd1 Bxe3+ 21.Qxe3 Rd7 22.Be2 Rxd1+
23.Rxd1 Qc8 24.e5 Qc2 25.Rd4 Rb8 26.h4 Qb1+ 27.Kf2 Nc6 28.Rc4 Ne7 29.Qa7 Nf5
30.Qxa6 Kg7 31.Qc6 Qh1 32.Bd3 Rb2+ 33.Bc2 Ra2  0-1

[Event "Prague zt"]
[Site "Prague"]
[Date "1985.??.??"]
[Round "17"]
[White "Ftacnik, Lubomir"]
[Black "Ghinda, Mihail Viorel"]
[Result "1-0"]
[WhiteElo "2545"]
[BlackElo "2475"]

1.d4 Nf6 2.c4 g6 3.Nc3 d5 4.cxd5 Nxd5 5.e4 Nxc3 6.bxc3 Bg7 7.Bc4 O-O 8.Ne2 c5
9.O-O Nc6 10.Be3 cxd4 11.cxd4 Na5 12.Bd3 Nc6 13.Bb5 Bg4 14.f3 Bd7 15.Rb1 e6
16.Qd2 a6 17.Bd3 b5 18.Rfc1 Rc8 19.Rb3 Re8 20.Ra3 Nb8 21.Rxc8 Qxc8 22.Bh6 Bh8
23.e5 Qd8 24.h4 Qe7 25.Rb3 Rc8 26.h5 Bc6 27.Rc3 Qe8 28.Qc2 Bg7 29.Bxg7 Kxg7
30.Qc1 h6 31.hxg6 fxg6 32.Bb1 Bd7 33.Nf4 g5 34.Qc2 Qg8 35.Qg6+ Kf8 36.Qf6+ Qf7
37.Ng6+  1-0

[Event "Prague zt"]
[Site "Prague"]
[Date "1985.??.??"]
[Round "17"]
[White "Pinter, Jozsef"]
[Black "Schmidt, Wlodzimierz"]
[Result "1/2-1/2"]
[WhiteElo "2540"]
[BlackElo "2475"]

1.d4 Nf6 2.c4 g6 3.Nc3 d5 4.cxd5 Nxd5 5.e4 Nxc3 6.bxc3 Bg7 7.Bc4 c5 8.Ne2 O-O
9.O-O Nc6 10.Be3 cxd4 11.cxd4 Bg4 12.f3 Na5 13.Bd5 Bd7 14.Rb1 a6 15.Bxb7 Ra7
16.Bd5 Bb5 17.a4 Bxe2 18.Qxe2 e6 19.Bc4 Bxd4 20.Rfd1  1/2-1/2

[Event "Sochi"]
[Site "Sochi"]
[Date "1985.??.??"]
[Round "?"]
[White "Foisor, Ovidiu"]
[Black "Gulko, Boris F"]
[Result "1/2-1/2"]
[WhiteElo "2430"]
[BlackElo "2475"]

1.d4 Nf6 2.c4 g6 3.Nc3 d5 4.cxd5 Nxd5 5.e4 Nxc3 6.bxc3 Bg7 7.Nf3 c5 8.Rb1 O-O
9.Be2 Qa5 10.O-O cxd4 11.cxd4 Qxa2 12.Bg5 Re8 13.Bb5 Bd7 14.Bxd7 Nxd7 15.Rxb7 Nf6
16.Qa1 Qxa1 17.Rxa1 Nxe4 18.Bxe7 a5 19.Kf1 Nc3 20.Bc5 a4 21.Ra3 Nd5 22.Rd7 Nf4
23.g3 Ne6 24.Ba7 Red8 25.Rb7 Bxd4 26.Nxd4 Nxd4 27.Rxa4 Nc6 28.Ra6 Rd1+ 29.Kg2 Rxa7  1/2-1/2

[Event "Sochi"]
[Site "Sochi"]
[Date "1985.??.??"]
[Round "?"]
[White "Vaisser, Anatoli"]
[Black "Lputian, Smbat G"]
[Result "1-0"]
[WhiteElo "2490"]
[BlackElo "2530"]

1.d4 Nf6 2.c4 g6 3.Nc3 d5 4.cxd5 Nxd5 5.e4 Nxc3 6.bxc3 Bg7 7.Bc4 c5 8.Ne2 O-O
9.O-O Nc6 10.Be3 Qc7 11.Rc1 Rd8 12.Qd2 Bd7 13.Bh6 Bh8 14.Qe3 Be8 15.e5 Qa5
16.Rb1 Qa4 17.Bb3 Qa6 18.h4 Na5 19.Nf4 Nxb3 20.axb3 cxd4 21.cxd4 Qb6 22.Rfd1 f6
23.e6 f5 24.Qf3 Bxd4 25.Nd5 Rxd5 26.Qxd5 Bxf2+ 27.Kh1 Bxh4 28.Qc4 Bf6 29.Rd7 Qc6
30.Qxc6 bxc6 31.Rc7 a5 32.Rd1 Bg7 33.Bg5 h6 34.Bxe7 Be5 35.Bd6 Bf6 36.Bc5 Be5
37.Rb7 g5 38.Bd4 Bxd4 39.Rxd4 c5 40.Rd6 c4 41.bxc4 a4 42.Rbb6 Kf8 43.Ra6 Rc8
44.Ra7 g4 45.Rd8  1-0

[Event "Trencianske Teplice"]
[Site "Trencianske Teplice"]
[Date "1985.??.??"]
[Round "9"]
[White "Ubilava, Elizbar"]
[Black "Smejkal, Jan"]
[Result "1/2-1/2"]
[WhiteElo "2485"]
[BlackElo "2565"]

1.d4 Nf6 2.c4 g6 3.Nc3 d5 4.cxd5 Nxd5 5.e4 Nxc3 6.bxc3 Bg7 7.Nf3 c5 8.Rb1 O-O
9.Be2 Nc6 10.d5 Ne5 11.Nxe5 Bxe5 12.Qc2 Qd6 13.Qd2 Bg7 14.O-O b6 15.f4 e5
16.dxe6 Qxe6 17.Bb2 Bb7 18.f5 Qe7 19.Rbe1 Rad8 20.Qc1 Be5 21.c4 Rd6 22.Rf2 Bxb2
23.Qxb2 Qxe4 24.Qc1 Re8 25.Ref1 Qd4 26.Rd1 Qe3 27.fxg6 fxg6 28.Qxe3 Rxd1+
29.Bxd1 Rxe3 30.Rd2 Kf7 31.Kf2 Re7 32.a4 Kf6 33.a5 bxa5 34.Ra2 Ba6 35.Bb3 Rc7
36.Rxa5 Bc8 37.Ke3 Ke5 38.Bd1 Kd6 39.Bf3 Ke5 40.Bd5 Be6 41.Bxe6 Kxe6 42.Ke4 Rd7  1/2-1/2

[Event "Vrsac"]
[Site "Vrsac"]
[Date "1985.??.??"]
[Round "?"]
[White "Cvitan, Ognjen"]
[Black "Gavrikov, Viktor"]
[Result "1/2-1/2"]
[WhiteElo "2465"]
[BlackElo "2550"]

1.d4 Nf6 2.c4 g6 3.Nc3 d5 4.cxd5 Nxd5 5.e4 Nxc3 6.bxc3 Bg7 7.Nf3 c5 8.Rb1 O-O
9.Be2 b6 10.O-O Bb7 11.Qd3 cxd4 12.cxd4 Ba6 13.Qe3 Qd7 14.Bxa6 Nxa6 15.Qa3 Qb7
16.Be3 e6 17.h4 Nb8 18.Qd3 Nc6 19.h5 Rfd8 20.hxg6 hxg6 21.Rfd1 Rd6 22.Qe2 Rad8
23.e5 R6d7 24.Bg5 Rc8 25.Rb3 Ne7  1/2-1/2

[Event "RLPF-ch"]
[Site "Wittlich"]
[Date "1985.??.??"]
[Round "5"]
[White "Lorscheid, Gerhard"]
[Black "Schlick, Volker"]
[Result "1-0"]
[WhiteElo "2330"]
[BlackElo "2320"]

1.d4 Nf6 2.c4 g6 3.Nc3 d5 4.cxd5 Nxd5 5.e4 Nxc3 6.bxc3 Bg7 7.Nf3 O-O 8.Be2 c5
9.Rb1 Qa5 10.O-O cxd4 11.cxd4 Qxa2 12.Bg5 Qe6 13.e5 Rd8 14.Qc1 Nc6 15.Rd1 Qf5
16.Bd3 Qg4 17.h3 Qh5 18.Be4 h6 19.Bxc6 bxc6 20.Bxe7 Re8 21.Qxc6 Bxh3 22.gxh3 Rac8
23.Qb7 Rc3 24.Ne1 Rxh3 25.Bd6 Rh4 26.Qf3 Rg4+ 27.Ng2 Rc8 28.Rb7 g5 29.Rxa7 Rc2
30.Ra8+ Kh7  1-0

[Event "OHRA-B"]
[Site "Brussels"]
[Date "1986.??.??"]
[Round "?"]
[White "Pein, Malcolm"]
[Black "Kouatly, Bachar"]
[Result "0-1"]
[WhiteElo "2340"]
[BlackElo "2430"]

1.d4 Nf6 2.c4 g6 3.Nc3 d5 4.cxd5 Nxd5 5.e4 Nxc3 6.bxc3 Bg7 7.Bc4 c5 8.Ne2 Nc6
9.Be3 O-O 10.O-O Bg4 11.e5 Qc7 12.h3 Bd7 13.Rc1 Rad8 14.Nf4 b5 15.Bd3 b4
16.Nd5 Qb7 17.Be4 Be6 18.Nf4 Bc4 19.Qf3 Rc8 20.Rfd1 Qb5 21.Nd3 Rfd8 22.cxb4 Nxd4
23.Bxd4 cxd4 24.Qg4 Be6 25.Qh4 Bf8 26.a3 Bb3 27.Re1 Bc2 28.Nc5 d3 29.Rxc2 dxc2
30.Bxc2 Rd2 31.Ba4 Qb6 32.Bb3 Qd8 33.Qf4 e6 34.Nxe6 Qd3 35.Ng5 Qxb3 36.Qxf7+  0-1

[Event "Budapest Spring op"]
[Site "Budapest"]
[Date "1986.??.??"]
[Round "?"]
[White "Knaak, Rainer"]
[Black "Pribyl, Josef"]
[Result "1-0"]
[WhiteElo "2510"]
[BlackElo "2415"]

1.d4 Nf6 2.c4 g6 3.Nc3 d5 4.cxd5 Nxd5 5.e4 Nxc3 6.bxc3 Bg7 7.Bc4 O-O 8.Be3 Qd7
9.Nf3 Qg4 10.e5 Qxg2 11.Rg1 Qh3 12.Ng5 Qh4 13.Qb3 e6 14.Be2 h6 15.Rg4 Qxh2
16.Nf3 Qh1+ 17.Rg1 Qh3 18.O-O-O c5 19.Rh1 Qf5 20.Nh4 Qe4 21.Bf3  1-0

[Event "Budapest Spring op"]
[Site "Budapest"]
[Date "1986.??.??"]
[Round "?"]
[White "Sokolov, Ivan"]
[Black "Van Mil, Johannes A J"]
[Result "1-0"]
[WhiteElo "2405"]
[BlackElo "2370"]

1.d4 Nf6 2.c4 g6 3.Nc3 d5 4.cxd5 Nxd5 5.e4 Nxc3 6.bxc3 Bg7 7.Nf3 c5 8.Rb1 O-O
9.Be2 b6 10.O-O Bb7 11.Qd3 cxd4 12.cxd4 Qd7 13.Bf4 Qa4 14.Rfc1 e6 15.Bd1 Qa6
16.Qe3 Nc6 17.d5 exd5 18.exd5 Rae8 19.Qd2 Rd8 20.Bh6 Ne7 21.Bxg7 Kxg7 22.d6 Nd5
23.Bb3 Qa5 24.Qd4+ Kg8 25.Ng5 Nc3 26.Qh4 Ne2+ 27.Kh1 h5 28.Re1 Rde8 29.Nxf7 Ng3+
30.hxg3 Rxe1+ 31.Rxe1 Qxe1+ 32.Kh2 Bc8 33.Ne5+  1-0

[Event "Cannes"]
[Site "Cannes"]
[Date "1986.??.??"]
[Round "7"]
[White "Haik, Aldo"]
[Black "Kouatly, Bachar"]
[Result "0-1"]
[WhiteElo "2475"]
[BlackElo "2445"]

1.d4 Nf6 2.c4 g6 3.Nc3 d5 4.cxd5 Nxd5 5.e4 Nxc3 6.bxc3 Bg7 7.Bc4 c5 8.Ne2 Nc6
9.Be3 O-O 10.O-O Qc7 11.Rc1 Rd8 12.Qd2 a6 13.f4 b5 14.Bd3 f5 15.exf5 c4 16.Bb1 gxf5
17.Ng3 e6 18.Nh5 Bh8 19.Rf3 Ne7 20.Bf2 Bb7 21.Re3 Kf7 22.Rce1 Rd6 23.Bh4 Ng6
24.Bg5 b4 25.Qe2 Qc6 26.Re5 bxc3 27.d5 Qc5+ 28.Kh1 Bxe5 29.Bxf5 Rxd5 30.Bxg6+ hxg6
31.fxe5 Rxe5 32.Rf1+ Rf5 33.Ng3 Re8 34.h4 Bc6 35.h5 Kg7 36.Nxf5+ exf5 37.Qc2 Qd4
38.Rd1 Qg4 39.Qxc3+ Kg8 40.Rd2 Re1+ 41.Kh2 Qxh5+  0-1

[Event "Dortmund op"]
[Site "Dortmund"]
[Date "1986.??.??"]
[Round "4"]
[White "Van der Sterren, Paul"]
[Black "Sokolowski, Stanislaw"]
[Result "1-0"]
[WhiteElo "2470"]
[BlackElo "2325"]

1.d4 Nf6 2.c4 g6 3.Nc3 d5 4.cxd5 Nxd5 5.e4 Nxc3 6.bxc3 Bg7 7.Nf3 c5 8.Rb1 cxd4
9.cxd4 Qa5+ 10.Qd2 Qxd2+ 11.Bxd2 O-O 12.Bc4 e6 13.d5 Re8 14.O-O b6 15.Rbc1 Ba6
16.dxe6 Bxc4 17.Rxc4 f6 18.Rfc1 Na6 19.Be3 Bf8 20.Nd4 Nc5 21.Nb5 Nxe6 22.Rc6 Bc5
23.Bxc5 Nxc5 24.f3 Rf8 25.Rd1 Rf7 26.Rdd6 Raf8 27.h4 Nb7 28.Rd5 Na5 29.Rc3 Re7
30.Kh2 Kg7 31.Nd4 Nb7 32.Rc6 Rfe8 33.g4 h6 34.h5 Na5 35.Rc2 Nb7 36.hxg6 Kxg6
37.Nf5 Rh7 38.Nh4+ Kf7 39.Rd7+ Re7 40.Rxe7+  1-0

[Event "Dortmund op"]
[Site "Dortmund"]
[Date "1986.??.??"]
[Round "9"]
[White "Van der Sterren, Paul"]
[Black "Gutman, Lev"]
[Result "1/2-1/2"]
[WhiteElo "2470"]
[BlackElo "2445"]

1.d4 Nf6 2.c4 g6 3.Nc3 d5 4.cxd5 Nxd5 5.e4 Nxc3 6.bxc3 Bg7 7.Nf3 c5 8.Rb1 a6
9.Be2 Qa5 10.O-O Qxa2 11.Bg5 Qa5 12.d5 h6 13.Be3 O-O 14.c4 Kh7 15.Nd2 Qc7
16.f4 a5 17.e5 Na6 18.Ra1 Nb4 19.Bf3 Rb8 20.Ne4 b6 21.Qd2 Ba6 22.Be2 Rbd8
23.Ra3 Bc8 24.g4 f6 25.exf6 exf6 26.f5 g5 27.Bf2 Qe7 28.Re3 Qd7 29.Bd1 Ba6
30.Qc1 Rfe8 31.Rfe1 Rxe4 32.Rxe4 Nd3 33.Qe3 Nxe1 34.Re7 Qc8 35.Qe4 Nd3 36.Qxd3 Rd7
37.Re6 b5 38.Rc6 bxc4 39.Qe4 Qb7 40.Qe8 Re7 41.Qg6+ Kh8 42.Rd6 Qa8 43.Re6 Qxd5
44.Rxe7 Qxd1+ 45.Re1 Qxg4+ 46.Bg3 Bb5 47.Re7 Qd1+ 48.Be1  1/2-1/2

[Event "Elenite op"]
[Site "Elenite"]
[Date "1986.??.??"]
[Round "?"]
[White "Ubilava, Elizbar"]
[Black "Zahariev, Zahari"]
[Result "0-1"]
[WhiteElo "2515"]
[BlackElo "2310"]

1.d4 Nf6 2.c4 g6 3.Nc3 d5 4.cxd5 Nxd5 5.e4 Nxc3 6.bxc3 Bg7 7.Nf3 c5 8.Rb1 O-O
9.Be2 Qa5 10.O-O Qxa2 11.Bg5 Nd7 12.e5 f6 13.exf6 exf6 14.Be3 cxd4 15.Bxd4 Nb6
16.Ra1 Qe6 17.Bc5 Nd5 18.Nd4 Qf7 19.Bc4 Rd8 20.Qf3 Kh8 21.Rfe1 Qc7 22.Qxd5 Rxd5
23.Re8+ Bf8 24.Bxf8 Qd7 25.Re7 Qd6 26.Bxd5 Qxd5 27.Re8 Bh3  0-1

[Event "Troll Masters"]
[Site "Gausdal"]
[Date "1986.??.??"]
[Round "?"]
[White "Tisdall, Jonathan D"]
[Black "Helmers, Knut J"]
[Result "1/2-1/2"]
[WhiteElo "2455"]
[BlackElo "2455"]

1.d4 Nf6 2.c4 g6 3.Nc3 d5 4.cxd5 Nxd5 5.e4 Nxc3 6.bxc3 Bg7 7.Bc4 c5 8.Ne2 O-O
9.Be3 Nc6 10.O-O Bg4 11.f3 Na5 12.Bd5 cxd4 13.cxd4 Bd7 14.Rb1 a6 15.Bxb7 Ra7
16.Bd5 Bb5 17.a4 Bxe2 18.Qxe2 e6 19.Bc4 Bxd4 20.Rfd1 Bxe3+ 21.Qxe3 Rd7 22.Rxd7 Qxd7
23.Bxa6 Qxa4 24.Bb5 Qa2 25.Rd1 Rb8 26.Bf1 Nc6 27.Qc5 Qa4 28.Rc1 Qa7  1/2-1/2

[Event "Wch U20"]
[Site "Gausdal"]
[Date "1986.??.??"]
[Round "8"]
[White "Staniszewski, Piotr"]
[Black "Arencibia, Walter"]
[Result "0-1"]
[WhiteElo "2420"]
[BlackElo "2335"]

1.d4 Nf6 2.c4 g6 3.Nc3 d5 4.cxd5 Nxd5 5.e4 Nxc3 6.bxc3 Bg7 7.Bc4 c5 8.Ne2 Nc6
9.Be3 O-O 10.O-O Bg4 11.f3 Na5 12.Bd3 cxd4 13.cxd4 Be6 14.d5 Bxa1 15.Qxa1 f6
16.Bh6 Re8 17.Rb1 a6 18.Qd4 Bf7 19.a4 e5 20.Qb4 b5 21.axb5 axb5 22.Bxb5 Qb6+
23.Kf1 Reb8 24.d6 Nb7 25.Rd1 Qc5 26.Qxc5 Nxc5 27.d7 Bb3 28.Rd2 Ne6 29.Bc6 Ra6
30.Rd6 Bc4 31.Kf2 Kf7 32.Nc3 Ke7 33.Bd5 Kxd6 34.Bxc4 Rc6 35.Bxe6 Kxe6 36.Nd5 Kxd7
37.Bg7 Rb2+ 38.Kg3 Rcc2 39.Nxf6+ Ke6 40.Ng4 Rxg2+ 41.Kh3 h5 42.Nxe5 Rxh2+
43.Kg3 Rbg2+ 44.Kf4 g5+ 45.Ke3 Re2+ 46.Kd4 Rd2+ 47.Nd3 Rh3 48.Ke3 Rxd3+ 49.Kxd3 Rxf3+  0-1

[Event "Holon op"]
[Site "Holon"]
[Date "1986.??.??"]
[Round "?"]
[White "Murrey, Jacob"]
[Black "Gutman, Lev"]
[Result "1-0"]
[WhiteElo "2460"]
[BlackElo "2445"]

1.d4 Nf6 2.c4 g6 3.Nc3 d5 4.cxd5 Nxd5 5.e4 Nxc3 6.bxc3 Bg7 7.Bc4 c5 8.Ne2 O-O
9.O-O Nd7 10.Bg5 h6 11.Be3 Qc7 12.Rc1 Rb8 13.Nf4 b5 14.Bb3 c4 15.Bc2 Rd8
16.Qf3 Bb7 17.Qh3 e5 18.Ne2 h5 19.f4 exd4 20.Nxd4 Bc8 21.Qh4 Re8 22.h3 Rb6
23.e5 Nc5 24.Qf2 b4 25.Nf5 gxf5 26.Bxc5 Ra6 27.Bd6 Qd8 28.Bd1 Rxd6 29.exd6 Qxd6
30.Ba4 Re4 31.Rcd1 Qe7 32.cxb4 c3 33.a3 a5 34.Bc6 Re6 35.b5 Re2 36.Qf3 c2
37.Rd8+ Kh7 38.Re8  1-0

[Event "URS-FL"]
[Site "Kujbyshev"]
[Date "1986.??.??"]
[Round "?"]
[White "Azmaiparashvili, Zurab"]
[Black "Huzman, Alexander"]
[Result "1/2-1/2"]
[WhiteElo "2470"]
[BlackElo "2390"]

1.d4 Nf6 2.c4 g6 3.Nc3 d5 4.cxd5 Nxd5 5.e4 Nxc3 6.bxc3 Bg7 7.Bc4 c5 8.Ne2 Nc6
9.Be3 O-O 10.O-O Bg4 11.d5 Na5 12.Qd3 Nxc4 13.Qxc4 Bxe2 14.Qxe2 Bxc3 15.Rac1 Bd4
16.Rfd1 Bxe3 17.Qxe3 b6 18.e5 f6 19.d6 exd6 20.Rxd6 Qe7 21.Qb3+ Kh8 22.Re6 Qg7
23.Re1 fxe5 24.R1xe5 Rf7 25.h4 Raf8 26.Qe3 Rf6 27.Re7 R6f7 28.R7e6 Rf6 29.Re7 R6f7
30.R7e6  1/2-1/2

[Event "Leningrad tt"]
[Site "Leningrad"]
[Date "1986.??.??"]
[Round "?"]
[White "Ionov, Sergey"]
[Black "Tseitlin, Mark D"]
[Result "1-0"]
[WhiteElo "2320"]
[BlackElo "2445"]

1.d4 Nf6 2.c4 g6 3.Nc3 d5 4.cxd5 Nxd5 5.e4 Nxc3 6.bxc3 Bg7 7.Bc4 O-O 8.Ne2 Nc6
9.O-O b6 10.Bg5 Na5 11.Bd3 Qd7 12.Qd2 c5 13.d5 e6 14.dxe6 fxe6 15.Rad1 Qa4
16.Bh6 Nc4 17.Bxc4 Qxc4 18.Bxg7 Kxg7 19.Ng3 Kg8 20.h4 e5 21.Qg5 Be6 22.Rd6 Bf7
23.h5 Rae8 24.hxg6 Bxg6 25.Rxg6+ hxg6 26.Qxg6+ Kh8 27.Qh6+ Kg8 28.Qg6+ Kh8
29.Qh6+ Kg8 30.Nf5 Qf7 31.Qg5+ Kh8 32.Rd1 Qg8 33.Qe3 Qg6 34.Rd6 Rf6 35.Qh3+ Kg8
36.Rd3 Qh7 37.Qg4+ Rg6 38.Qd1 Qb7 39.Nd6 Rxd6 40.Rg3+ Kf7 41.Qh5+ Kf8 42.Qh8+ Ke7
43.Qg7+  1-0

[Event "Lisboa"]
[Site "Lisboa"]
[Date "1986.??.??"]
[Round "?"]
[White "De Boer, Gert Jan"]
[Black "Mikhalchishin, Adrian"]
[Result "1/2-1/2"]
[WhiteElo "2430"]
[BlackElo "2510"]

1.d4 Nf6 2.c4 g6 3.Nc3 d5 4.cxd5 Nxd5 5.e4 Nxc3 6.bxc3 Bg7 7.Nf3 c5 8.Rb1 O-O
9.Be2 cxd4 10.cxd4 Qa5+ 11.Qd2 Qxd2+ 12.Bxd2 b6 13.Rc1 Bb7 14.Bd3 Na6 15.Ke2 Rfc8
16.a4 Nc7 17.Be3 e6 18.Ne5 Na6 19.f3 Nb4 20.Bb5 Na2 21.Rxc8+ Rxc8 22.Ra1 Nb4
23.Bf2 Rc2+ 24.Kf1 Rc7 25.Rb1 Nc2 26.Bd3 f6 27.Ng4 h5 28.Rc1 Rc3 29.Rxc2 Rxd3
30.Ne3 Rxd4 31.Nf5 Rd7 32.Nxg7 Kxg7 33.Be3 e5 34.Kf2 Kf7 35.a5 bxa5 36.Ra2 Ke6
37.Rxa5 a6 38.h4 Rd3 39.Ra2 Rb3 40.Ke2 f5 41.exf5+ gxf5 42.f4 e4 43.Ra5 Rb2+
44.Ke1 Rb5 45.Rxb5 axb5 46.Kd2 b4 47.Bc5 b3 48.Ba3 Bd5 49.Ke3 Kd7 50.g3 Kc6
51.Kd4 Bf7 52.Bb2 Kb5 53.Ke3 Kc4 54.Kd2 Bd5  1/2-1/2

[Event "Lvov Int"]
[Site "Lvov"]
[Date "1986.??.??"]
[Round "?"]
[White "Giorgadze, Tamaz"]
[Black "Lputian, Smbat G"]
[Result "1-0"]
[WhiteElo "2505"]
[BlackElo "2520"]

1.d4 Nf6 2.c4 g6 3.Nc3 d5 4.cxd5 Nxd5 5.e4 Nxc3 6.bxc3 Bg7 7.Bc4 O-O 8.Ne2 c5
9.Be3 Nc6 10.O-O Qc7 11.Rc1 Rd8 12.Bf4 Qd7 13.d5 Na5 14.Bb3 b5 15.Be3 Qc7
16.c4 bxc4 17.Bxc4 Be5 18.f4 Bb2 19.Rc2 e6 20.Bb5 Bg7 21.Rxc5 Qb6 22.Qd3 a6
23.Rxc8 Qxb5 24.Rxd8+ Rxd8 25.Qxb5 axb5 26.Bb6 Ra8 27.d6 Nc4 28.Bc7 Rxa2
29.e5 Rd2 30.Nc3 b4 31.Ne4 Rd4 32.Ra1 h6 33.Nc5 Nxe5 34.fxe5 Bxe5 35.Ra6 Rd5
36.Nb3 Rd3 37.Rc6 Kg7 38.Nc5 Rd5 39.Kf1 g5 40.Ke2 Kg6 41.h3 Bf6 42.Nd3 Bc3
43.Rc4 Ra5 44.d7 Bf6 45.Nxb4  1-0

[Event "Candidats (Women)"]
[Site "Malmo"]
[Date "1986.??.??"]
[Round "?"]
[White "Cramling, Pia"]
[Black "Levitina, Irina S"]
[Result "1-0"]
[WhiteElo "2400"]
[BlackElo "2340"]

1.d4 Nf6 2.c4 g6 3.Nc3 d5 4.cxd5 Nxd5 5.e4 Nxc3 6.bxc3 Bg7 7.Bc4 O-O 8.Ne2 c5
9.O-O Nc6 10.Be3 Qc7 11.Rc1 Rd8 12.f4 Bg4 13.f5 Na5 14.Bd5 e6 15.fxe6 fxe6
16.Nf4 exd5 17.Qxg4 Qd7 18.Qe6+ Kh8 19.exd5 Nc4 20.Bf2 cxd4 21.Bxd4 Bxd4+
22.cxd4 b5 23.Nxg6+  1-0

[Event "Marseille"]
[Site "Marseille"]
[Date "1986.??.??"]
[Round "?"]
[White "Miralles, Gilles"]
[Black "Kouatly, Bachar"]
[Result "1/2-1/2"]
[WhiteElo "2410"]
[BlackElo "2430"]

1.d4 Nf6 2.c4 g6 3.Nc3 d5 4.cxd5 Nxd5 5.e4 Nxc3 6.bxc3 Bg7 7.Bc4 c5 8.Ne2 Nc6
9.Be3 O-O 10.O-O Qc7 11.Rc1 Rd8 12.Qd2 b6 13.Bf4 Qd7 14.d5 Na5 15.Bd3 e5
16.Bh6 f6  1/2-1/2

[Event "Marseille"]
[Site "Marseille"]
[Date "1986.??.??"]
[Round "?"]
[White "Kouatly, Bachar"]
[Black "Gulko, Boris F"]
[Result "1/2-1/2"]
[WhiteElo "2430"]
[BlackElo "2520"]

1.d4 Nf6 2.c4 g6 3.Nc3 d5 4.cxd5 Nxd5 5.e4 Nxc3 6.bxc3 Bg7 7.Bc4 Nc6 8.Ne2 Na5
9.Bd3 b6 10.O-O Bb7 11.Bg5 Qd7 12.Rb1 O-O 13.Qd2 c5 14.Bh6 cxd4 15.cxd4 Rac8
16.Bxg7 Kxg7 17.d5 e6 18.Nf4 exd5 19.Nh5+ gxh5  1/2-1/2

[Event "Marseille"]
[Site "Marseille"]
[Date "1986.??.??"]
[Round "?"]
[White "Miralles, Gilles"]
[Black "Smejkal, Jan"]
[Result "1/2-1/2"]
[WhiteElo "2410"]
[BlackElo "2540"]

1.d4 Nf6 2.c4 g6 3.Nc3 d5 4.cxd5 Nxd5 5.e4 Nxc3 6.bxc3 Bg7 7.Bc4 c5 8.Ne2 O-O
9.O-O Nc6 10.Be3 Bg4 11.f3 Na5 12.Bd3 cxd4 13.cxd4 Be6 14.Rc1 Bxa2 15.Qa4 Be6
16.d5 Bd7 17.Qb4 b6 18.Ba6 e6 19.Rfd1 exd5 20.Rxd5 Qe8 21.Bf4 Bc6 22.Rdd1 Rd8
23.Bd6 Bh6 24.Rb1 Qd7 25.Nc3 Rfe8 26.Bf4 Bf8 27.Qb2 Qe7 28.Nb5 Qc5+ 29.Kh1 Bg7
30.Qe2 Be5  1/2-1/2

[Event "Moscow-B"]
[Site "Moscow"]
[Date "1986.??.??"]
[Round "?"]
[White "Chekhov, Valery A"]
[Black "Tomaszewski, Roman"]
[Result "1-0"]
[WhiteElo "2495"]
[BlackElo "2390"]

1.d4 Nf6 2.c4 g6 3.Nc3 d5 4.cxd5 Nxd5 5.e4 Nxc3 6.bxc3 Bg7 7.Nf3 O-O 8.Be2 c5
9.O-O Bg4 10.Be3 e6 11.Rb1 Qc7 12.Qb3 b6 13.Rfd1 Nd7 14.h3 Bxf3 15.Bxf3 Rab8
16.Qa4 Rfd8 17.e5 Rbc8 18.Be4 f6 19.exf6 cxd4 20.cxd4 Nxf6 21.Rbc1 Qf7 22.Bf3 Nd5
23.Rxc8 Rxc8 24.Rc1 Rxc1+ 25.Bxc1 Bf6 26.Bh6 Bg7 27.Bd2 Bf6 28.Qc4 Qd7 29.a4 Kg7
30.g4 g5 31.h4 gxh4 32.g5 Bd8 33.Qe2 Bc7 34.Qe4 Ne7 35.Bg4 Qd5 36.Qxe6 Qxe6
37.Bxe6 Ng6 38.Bf5 Bd6 39.Kg2 Kf7 40.Kh3 Ke7 41.Kg4 Kf7 42.Be4 Kg7 43.f4 Nh8
44.f5 Bg3 45.f6+ Kg8 46.Bd5+ Kf8 47.Bb7 Ke8 48.Be4 Ng6 49.Bc6+ Kd8 50.f7 Kc7
51.Be4  1-0

[Event "New York op"]
[Site "New York"]
[Date "1986.??.??"]
[Round "?"]
[White "Murrey, Jacob"]
[Black "Ftacnik, Lubomir"]
[Result "1-0"]
[WhiteElo "2460"]
[BlackElo "2515"]

1.d4 Nf6 2.c4 g6 3.Nc3 d5 4.cxd5 Nxd5 5.e4 Nxc3 6.bxc3 Bg7 7.Bc4 c5 8.Ne2 O-O
9.O-O Nc6 10.Be3 Na5 11.Bd3 cxd4 12.cxd4 Nc6 13.Bc4 Na5 14.Bd3 Nc6 15.Bb5 Bg4
16.f3 Bd7 17.Rb1 e6 18.Nf4 a6 19.Be2 b5 20.d5 Ne5 21.dxe6 fxe6 22.Qb3 Qe7
23.Rfd1 Rac8 24.Rbc1 Nc6 25.Qd3 Rf7 26.a4 Bb2 27.Rc2 Be5 28.g3 Rc7 29.Rcd2 Nb4
30.Qb1 Bc3 31.Rd6 bxa4 32.Bb6 Rb7 33.Bc5 Be5 34.Bc4 Bxd6 35.Rxd6 a3 36.Nxe6 a2
37.Bxa2 Nxa2 38.Qxb7 Bxe6 39.Qxa6 Rxf3 40.Rc6 Qd7 41.Rxe6 Qd1+ 42.Kg2 Rf7
43.Qa8+ Kg7 44.Bf8+ Rxf8 45.Re7+ Rf7 46.Rxf7+ Kxf7 47.Qxa2+ Kf6 48.Qf2+ Ke5
49.Qf4+ Ke6 50.Kh3 Qc2 51.Qg4+ Ke5 52.Qf4+ Ke6 53.g4 h6 54.Qe3 Qc4 55.Kh4 Qc7
56.Qxh6 Qd8+ 57.g5 Qg8 58.Kh3 Ke5 59.Qh4 Qc8+ 60.Qg4 Qc1 61.Kh4 Qh1 62.Qe2 Qg1
63.h3 Kf4 64.Qd2+ Kxe4 65.Qc2+ Kd4 66.Qxg6 Qf2+ 67.Kh5 Qf3+ 68.Kh6 Qxh3+
69.Kg7 Qg4 70.Qd6+ Kc3 71.g6 Kb2 72.Kf7 Qc4+ 73.Ke7 Qe4+ 74.Kd8 Qa8+ 75.Kc7 Qa7+
76.Kc8 Qg7 77.Qb8+ Ka2 78.Qa8+ Kb1 79.Qb7+  1-0

[Event "POL-ch"]
[Site "?"]
[Date "1986.??.??"]
[Round "15"]
[White "Czerwonski, Aleksander"]
[Black "Tomaszewski, Roman"]
[Result "1/2-1/2"]
[WhiteElo "2320"]
[BlackElo "2390"]

1.d4 Nf6 2.c4 g6 3.Nc3 d5 4.cxd5 Nxd5 5.e4 Nxc3 6.bxc3 Bg7 7.Nf3 O-O 8.Be2 Nd7
9.O-O e5 10.Ba3 Re8 11.d5 Bf8 12.Bxf8 Rxf8 13.Qd2 Qe7 14.Qe3 Qc5 15.Qxc5 Nxc5
16.Nxe5 Re8 17.Nf3 Nxe4 18.c4 Bg4 19.Rfe1 Nc3 20.Kf1 Re4 21.Bd3 Rxe1+ 22.Nxe1 Re8
23.f3 Bd7 24.Rc1 Nxa2 25.Ra1 Nb4 26.Rxa7 Rxe1+ 27.Kxe1 Nxd3+ 28.Kd2 Nc5 29.Kc3 Kf8
30.Kd4 b6 31.Rxc7 Ke7 32.Ra7 h5 33.Ra2 Bf5 34.Ra7+ Nd7 35.g3 Kd6 36.Ra2 Nc5
37.Ra7 Nd7 38.Ra2 Kc7 39.Ra7+ Kd6 40.Ra2 Bh3 41.Ra7 Bg2 42.f4 Bh3 43.Ra6 Ke7
44.Ra8 Bf5 45.Ra3 Kf6 46.Re3 Nc5  1/2-1/2

[Event "POL-chT"]
[Site "Porabka"]
[Date "1986.??.??"]
[Round "?"]
[White "Szymczak, Zbigniew"]
[Black "Staniszewski, Piotr"]
[Result "1/2-1/2"]
[WhiteElo "2415"]
[BlackElo "2405"]

1.d4 Nf6 2.c4 g6 3.Nc3 d5 4.cxd5 Nxd5 5.e4 Nxc3 6.bxc3 Bg7 7.Bc4 c5 8.Ne2 O-O
9.O-O Nc6 10.Be3 cxd4 11.cxd4 Bg4 12.f3 Na5 13.Bd5 Bd7 14.Rb1 a6 15.Bxb7 Ra7
16.Bd5 e6 17.Bb3 Nxb3 18.Qxb3 Bb5 19.Rfe1 Bxe2 20.Rxe2 Bxd4 21.Bxd4 Qxd4+
22.Qe3 Rd8 23.Qxd4 Rxd4  1/2-1/2

[Event "POL-chT"]
[Site "Porabka"]
[Date "1986.??.??"]
[Round "?"]
[White "Bator, Zbigniew"]
[Black "Kurlenda, Adam"]
[Result "1-0"]
[WhiteElo "2325"]
[BlackElo "2235"]

1.d4 Nf6 2.c4 g6 3.Nc3 d5 4.cxd5 Nxd5 5.e4 Nxc3 6.bxc3 Bg7 7.Ba3 Nd7 8.Qb3 c5
9.Nf3 O-O 10.Rd1 cxd4 11.cxd4 Nf6 12.e5 Be6 13.Bc4 Bxc4 14.Qxc4 Rc8 15.Qb3 Nd5
16.O-O Rc3 17.Qa4 Qb8 18.Qa5 Rd8 19.Rc1 b6 20.Qa6 Bf8 21.Rxc3 Nxc3 22.Rc1 Nd5
23.h4 Nf4 24.Kf1 Qa8 25.Qc4 Qe4 26.Qxf7+ Kxf7 27.Ng5+ Ke8 28.Nxe4 Rxd4 29.f3 Ne6
30.Rc3 Bh6 31.g3 Bg7 32.Rc8+ Kd7 33.Rc2 Bxe5 34.Bb2 Rd5 35.Kg2 Nd4 36.Rd2 e6
37.Bc1 Nc6 38.Ng5 Rxd2+ 39.Bxd2 h6 40.Nf7 h5  1-0